000 00618nam a22002057a 4500
999 _c3843
_d3843
003 AR-CdUCM
008 190307b ||||| |||| 00| 0 spa d
040 _aMUNICIPALIDAD PROVINCIAL DEL CUSCO
_cBIBLIOTECA MUNICIPAL DEL CUSCO
082 _a869.56 /
_b V43
100 _aVelarde, Héctor
_9717
245 _aLima city /
260 _aLima :
_bEdit. Universitaria,
_c1959.
300 _a182 páginas ;
_bIlustraciones del autor,
_c19 cm.
440 _aClub de lectores
_912359
650 _aNovela Peruana
_910636
650 _aEnsayos Peruanos
_9269
650 _aSiglo XX
_98
942 _2ddc
_cLIBROS
945 _admma